000 00508 a2200169 4500
020 _a9780618776801 (pbk.)
020 _a061877680X (pbk.)
041 _aspa
100 _aGahala, Estella Marie
245 _aAvancemos! 1 : uno: Lecturas para todas with test preparation, teacher's edition
260 _a Orlando, Fla. : Houghton Mifflin Harcourt, c2013.
300 _a1 volume : color illustrations ;
_c28 cm
500 _aPart of a set of 10
700 _aHolt McDougal
942 _cBK
952 _71
999 _c21086
_d21086